| 000 | 00641nam a2200217 a 4500 | ||
|---|---|---|---|
| 005 | 20210219153309.0 | ||
| 008 | 991125n 000 0 u | ||
| 035 | _aUPN01000089877 | ||
| 100 | _aCudeck, Robert | ||
| 222 | _aJOURNAL OF EDUCATIONAL STATISTICS | ||
| 245 | _aNoniterative factor analysis estimators, with algorithms for subset and instrumental variable selection | ||
| 300 | _a35-52 | ||
| 362 | _a16, No. 1, 1991 | ||
| 505 | _aJulio 1991 | ||
| 653 | 0 | _aALGORITMOS | |
| 653 | 0 | _aANALISIS FACTORIAL | |
| 653 | 0 | _aECUACIONES (MATEMATICAS) | |
| 653 | 0 | _aMODELOS MATEMATICOS | |
| 904 |
_aAC _b027688 |
||
| 905 | _aArticulo | ||
| 999 |
_c73421 _d73421 |
||